| 000 | 00711cab a2200241 4500 | ||
|---|---|---|---|
| 001 | WB3030-38 | ||
| 008 | 090401t1994 xxu||||| |||| 00| 0 eng d | ||
| 035 | _a(Sirsi) u23876 | ||
| 041 | _aeng | ||
| 245 | _aFlood defences for Chichester | ||
| 260 | _c1994 | ||
| 350 | _a0 | ||
| 490 |
_aTimes _v2 August 1994, 6(1) |
||
| 520 | _aDiscusses the report from Posford Duvivier for National Rivers Authority on the flooding in Chichester in January 1994 recommending a flood alleviation scheme for the city. | ||
| 650 | _aCHICHESTER | ||
| 650 | _aFLOOD DEFENCES | ||
| 650 | _aFLOODING | ||
| 650 | _aGRAVEL EXTRACTION | ||
| 650 | _aRIVER LAVANT | ||
| 690 | _aWATER | ||
| 942 | _n0 | ||
| 948 | _c04/03/1997 | ||
| 999 |
_c15986 _d15986 |
||